00302 a2200109 450000100060000002000180000608200140002410000220003824500700006026000470013030000150017786179 a9780691145686 a958.1 BAR aThomas J Barfield aAfghanistan : a cultural and political historycThomas J Barfield aPrincetobPrinceton University Pressc2010 axi, 389 p.